000
00314nam a2200121 a 4500
005
20141022142005.0
008
080922s19uu xx 00 eng d
050
_a
VCD
_b
RAD11 2003
245
_a
Radyo :
_b
an essay of Philippine radio.
650
_a
VCD-MC
650
_a
AN ESSAY OF PHILIPPINE RADIO
942
_c
AVM
999
_c
276478
_d
276478